| 000 | 00808nam a2200169Ia 4500 | ||
|---|---|---|---|
| 005 | 20250714155852.0 | ||
| 008 | 250714s9999 xx 000 0 und d | ||
| 020 | _a9780521010641 | ||
| 082 |
_a931 _bLIU |
||
| 100 | _aLiu, Li | ||
| 245 | 4 | _aThe Chinese Neolithic | |
| 260 |
_bCambridge University Press _c2007 |
||
| 300 | _a332 pages | ||
| 500 | _aThe Yellow River valley of China, during the period ca. 7000-1500, saw the transformation of egalitarian societies into stratified chiefdoms giving rise to early states. This book examines that transformation, emphasizing the interplay of many factors affecting these processes, such as climatic fluctuation, population movements, inter-group competition, warfare, and long-distance exchange of valuables. | ||
| 650 | _aSocial Science | ||
| 942 | _cENGLISH | ||
| 999 |
_c575810 _d575810 |
||